00478nmm a2200169Ia 4500008004100000020001800041041000800059100001900067245003500086264005100121300001800172490002100190650002200211856005100233942000700284999001700291251105s9999||||xx |||||||||||||||||und|| a9788416023752 aspa aNieva, Jesús 0aEl tesoro de la ciudad perdida a[Madrid, España] :bKailas Editorial, c2015 a368 páginas aKailas Ficción aSpanish narrative uhttps://public.digitaliapublishing.com/a/87230 cCF c77193d77193